000 01213 a2200289 4500
999 _c11120
_d11120
020 _a9781285867212
020 _a1285867211
050 0 0 _aRB115
_bGRE 2014
100 1 _aGreen, Michelle A.,
_eauthor.
245 1 0 _a3-2-1 code it! /
_cMichelle A. Green, MPS, RHIA, FAHIMA, CPC.
250 _aFifth edition.
264 1 _aBoston, MA :
_bCengage Learning,
_c[2014]
300 _axxxiv, 1102 pages :
_billustrations (chiefly color) ;
336 _atext
_2rdacontent
337 _aunmediated
_2rdamedia
338 _avolume
_2rdacarrier
504 _aIncludes bibliographical references (pages 1052-1054) and index.
650 0 _aNosology
650 0 _aClinical medicine
650 0 _aMedical offices
_xManagement.
650 0 _aHealth insurance claims
_xData processing.
856 4 2 _3Contributor biographical information
_uhttp://www.loc.gov/catdir/enhancements/fy1411/2014940609-b.html
856 4 2 _3Publisher description
_uhttp://www.loc.gov/catdir/enhancements/fy1501/2014940609-d.html
856 4 1 _3Table of contents only
_uhttp://www.loc.gov/catdir/enhancements/fy1501/2014940609-t.html
942 _2lcc
_cBK
_h115
_iGRE
_kRB